| 000 | 00761nam a2200229Ia 4500 | ||
|---|---|---|---|
| 005 | 20220618120742.0 | ||
| 008 | 210716s2008 xx 000 0 und d | ||
| 020 | _a9788120320970 | ||
| 040 | _cAIMIT LIBRARY | ||
| 041 | _aeng | ||
| 082 |
_a005.73 _22 _bKRUR |
||
| 100 |
_aKruse, Robert L. _944061 |
||
| 245 |
_aData structures and program design In c / _cBy Robert L. Kruse, Clovis L. Tondo and Bruce P. Leung. |
||
| 250 | _a2nd ed. | ||
| 260 |
_aNew Delhi : _bPHI Learning Pvt Ltd. , _c2008 . |
||
| 300 |
_axvi, 671p. ; _c24 cm. |
||
| 650 |
_aProgram analysis and comparison _944062 |
||
| 650 |
_aTables and information retrieval _944063 |
||
| 700 |
_aTondo, Clovis L. _944064 |
||
| 700 |
_aLeung, Bruse P. _944065 |
||
| 942 |
_2ddc _cBK _e2nd _k005.73 KRUR |
||
| 999 |
_c190458 _d190458 |
||